000
00262nam a2200109Ia 4500
008
190216s9999||||xx |||||||||||||| ||und||
100
_a
Sharma & Agarwal
245
0
_a
Bank Recruitment Tests
260
_b
Arun Prakashan
650
_a
References
942
_c
REF
999
_c
35590
_d
35590